[Event "Glorney Gilbert International 2016 - Gilbert"]
[Site "Daventry"]
[Date "2016.07.18"]
[Round "4.2"]
[White "Reid, Caitlin"]
[Black "Graham, Cassie M"]
[Result "0-1"]
[WhiteElo "1471"]
[BlackElo "1866"]
[PlyCount "54"]
[EventDate "2016.07.17"]
[WhiteTeam "Scotland"]
[BlackTeam "England"]
[WhiteTeamCountry "SCO"]
[BlackTeamCountry "ENG"]

1. e4 c5 2. Nf3 d6 3. b3 Nc6 4. Bb2 Nf6 5. Bc4 Nxe4 6. Nc3 Nf6 7. O-O e6 8. Re1
Be7 9. h3 O-O 10. Ne2 d5 11. Bd3 Nb4 12. Nf4 Nxd3 13. Nxd3 Ne4 14. Nf4 Bf6 15.
Bxf6 Qxf6 16. Nh5 Qd8 17. Ne5 Qg5 18. f4 Qh4 19. Rxe4 dxe4 20. Kh2 g6 21. g3
Qxh5 22. Ng4 f5 23. Ne5 Qxd1 24. Rxd1 Rd8 25. d3 exd3 26. Nxd3 b6 27. Re1 Ba6
0-1

[Event "Glorney Gilbert International 2016 - Gilbert"]
[Site "Daventry"]
[Date "2016.07.18"]
[Round "4.2"]
[White "Varney, Zoe"]
[Black "Hegde, Stuthi"]
[Result "1-0"]
[WhiteElo "1818"]
[BlackElo "1408"]
[PlyCount "153"]
[EventDate "2016.07.17"]
[WhiteTeam "England"]
[BlackTeam "Scotland"]

1. e4 c5 2. c3 d5 3. exd5 Qxd5 4. d4 Nf6 5. Nf3 Bg4 6. Be2 e6 7. O-O Nc6 8. Be3
cxd4 9. cxd4 Bb4 10. a3 Ba5 11. b4 Bb6 12. Nc3 Qd8 13. Rc1 O-O 14. Qd2 Rc8 15.
Rfd1 Ne7 16. Bg5 Ned5 17. h3 Bf5 18. Nxd5 exd5 19. Qf4 Be6 20. Bxf6 Qxf6 21.
Qxf6 gxf6 22. Bd3 Rc7 23. Rxc7 Bxc7 24. Rc1 Bd6 25. Kf1 Re8 26. Nd2 Bd7 27. Nb3
b6 28. Re1 Rc8 29. Rc1 Re8 30. Ba6 Ba4 31. Rc3 Re4 32. f3 Rh4 33. Ke2 Bxb3 34.
Rxb3 Rxd4 35. Rd3 Rxd3 36. Kxd3 Be5 37. a4 Kg7 38. Bb7 d4 39. b5 h6 40. Ke4 Kg6
41. f4 Bd6 42. Kxd4 Bxf4 43. Kd5 Kg5 44. Kc6 Bg3 45. Kd7 f5 46. Bd5 f6 47. Kc6
Be5 48. Kb7 Bd4 49. Kxa7 f4 50. Ka6 Kf5 51. a5 bxa5 52. Kxa5 Ke5 53. Bf3 Kd6
54. b6 Kd7 55. Bb7 Be5 56. Kb5 Bd6 57. Kc4 Be5 58. Kd5 Bb8 59. Ke4 Ke6 60. Bc8+
Ke7 61. Kf5 Kf7 62. Ba6 Be5 63. Bc4+ Ke7 64. Bd5 Kd6 65. Bf3 Kc5 66. b7 Kb6 67.
Kg6 Kc7 68. Kxh6 Kb8 69. Kg6 Kc7 70. h4 Kd7 71. Kf7 f5 72. h5 Kc7 73. h6 Bh8
74. h7 Be5 75. Kg8 Kb8 76. h8=Q Bxh8 77. Kxh8 1-0

[Event "Glorney Gilbert International 2016 - Gilbert"]
[Site "Daventry"]
[Date "2016.07.18"]
[Round "4.2"]
[White "Smith, Sarah E"]
[Black "Wei, Naomi"]
[Result "0-1"]
[WhiteElo "1471"]
[BlackElo "1750"]
[PlyCount "68"]
[EventDate "2016.07.17"]
[WhiteTeam "Scotland"]
[BlackTeam "England"]

1. Nc3 e6 2. f4 d5 3. e3 c5 4. Nf3 Nc6 5. Bb5 Nge7 6. O-O a6 7. Be2 g6 8. d4
cxd4 9. exd4 Bg7 10. Be3 O-O 11. Qd2 Nf5 12. g4 Nxe3 13. Qxe3 Qb6 14. Rad1 Qxb2
15. Qc1 Qxc1 16. Rxc1 Nxd4 17. Ne5 Nxe2+ 18. Nxe2 Bxe5 19. fxe5 Bd7 20. Nd4
Rac8 21. Rb1 Rc4 22. Rfd1 b5 23. a3 Rfc8 24. Kf2 Rc3 25. Ra1 Rh3 26. Kg2 Re3
27. Re1 Rxe1 28. Rxe1 Rc3 29. Ra1 Rc4 30. Rd1 Ra4 31. Rd3 Rc4 32. Kf3 f6 33.
exf6 e5 34. Ne2 e4+ 0-1

[Event "Glorney Gilbert International 2016 - Gilbert"]
[Site "Daventry"]
[Date "2016.07.18"]
[Round "4.3"]
[White "O'gorman, Alice"]
[Black "Green, Emily"]
[Result "1/2-1/2"]
[WhiteElo "1777"]
[BlackElo "1688"]
[PlyCount "155"]
[EventDate "2016.07.17"]
[WhiteTeam "Ireland"]
[BlackTeam "England B"]

1. e4 e5 2. Nf3 Nc6 3. Bc4 Bc5 4. O-O Nf6 5. d3 h6 6. c3 O-O 7. Re1 Ng4 8. Re2
d6 9. h3 Nf6 10. d4 exd4 11. cxd4 Bb6 12. Nc3 Re8 13. Bf4 Na5 14. Bd3 Bd7 15.
d5 c5 16. dxc6 Nxc6 17. Bc2 Ne5 18. Re1 Bc6 19. Nd4 Qd7 20. Nxc6 bxc6 21. Ba4
Qc7 22. Rc1 Bc5 23. Bb3 Red8 24. Qc2 Rac8 25. Red1 Rd7 26. Ne2 Bb6 27. Ba4 Re7
28. Ng3 Bc5 29. a3 g5 30. Bxe5 Rxe5 31. b4 Bb6 32. Qxc6 Qxc6 33. Rxc6 Rd8 34.
Bc2 Re6 35. a4 d5 36. exd5 Nxd5 37. Rxe6 fxe6 38. Bb3 Kf7 39. b5 Kf6 40. Kf1
Ke5 41. Ne2 Kd6 42. Nc1 Kc7 43. Nd3 Rf8 44. Bxd5 exd5 45. f3 d4 46. Ke2 Re8+
47. Kf2 Kd6 48. Rd2 Ba5 49. Rc2 Bc3 50. Nc1 Kd5 51. Ne2 Kc4 52. Nc1 d3 53. Nxd3
Kxd3 54. Ra2 Re5 55. Kg3 h5 56. Kf2 Be1+ 57. Kf1 Bg3 58. Ra1 Kc4 59. Rb1 Re3
60. a5 Rb3 61. Rxb3 Kxb3 62. b6 axb6 63. axb6 Kb4 64. b7 Kb5 65. h4 gxh4 66.
Ke2 Kb6 67. b8=Q+ Bxb8 68. Ke3 Kc6 69. f4 Kd5 70. Kf3 Ke6 71. g4 hxg3 72. Kxg3
Kf5 73. Kh4 Kg6 74. f5+ Kh6 75. Kh3 Kg5 76. Kg2 Kxf5 77. Kh3 Kg5 78. Kg2
1/2-1/2

[Event "Glorney Gilbert International 2016 - Gilbert"]
[Site "Daventry"]
[Date "2016.07.18"]
[Round "4.3"]
[White "Ivanov, Elizabeth"]
[Black "Plaza Reino, Mercedes"]
[Result "1/2-1/2"]
[WhiteElo "1599"]
[BlackElo "1655"]
[PlyCount "49"]
[EventDate "2016.07.17"]
[WhiteTeam "England B"]
[BlackTeam "Ireland"]

1. e4 c5 2. Nc3 e6 3. f4 Nf6 4. Nf3 d5 5. e5 Nfd7 6. Bb5 a6 7. Bxd7+ Qxd7 8. d4
Nc6 9. Be3 cxd4 10. Bxd4 Nxd4 11. Nxd4 Bb4 12. Qd3 Qc7 13. O-O Bd7 14. Nce2 Rc8
15. c3 Ba5 16. Kh1 O-O 17. Rf3 Qc4 18. Qc2 Rfe8 19. Rh3 g6 20. Qd2 h5 21. Qe3
Kg7 22. Qg3 Rh8 23. Qf3 b5 24. a3 Bd8 25. Qe3 1/2-1/2

[Event "Glorney Gilbert International 2016 - Gilbert"]
[Site "Daventry"]
[Date "2016.07.18"]
[Round "4.3"]
[White "Manojlovic, Anastasija"]
[Black "Jina, Asha"]
[Result "1/2-1/2"]
[WhiteElo "1569"]
[BlackElo "1572"]
[PlyCount "83"]
[EventDate "2016.07.17"]
[WhiteTeam "Ireland"]
[BlackTeam "England B"]

1. e4 e6 2. d4 d5 3. exd5 exd5 4. Nf3 Nc6 5. c3 Bd6 6. Bd3 Nge7 7. O-O Bg4 8.
Nbd2 Qd7 9. Qc2 f6 10. b4 h5 11. Bg6+ Nxg6 12. Qxg6+ Qf7 13. Re1+ Ne7 14. Qd3
O-O-O 15. b5 Bf5 16. Qe2 g5 17. Nf1 h4 18. Ne3 g4 19. Nxf5 Nxf5 20. Nd2 g3 21.
fxg3 Rde8 22. Qf2 Rxe1+ 23. Qxe1 Qh5 24. Nf3 Re8 25. Qf1 Rh8 26. Qd3 hxg3 27.
h4 Nxh4 28. Nxh4 Qxh4 29. Qf5+ Kb8 30. Bd2 Rh5 31. Qe6 b6 32. Rf1 f5 33. Rxf5
Rxf5 34. Qxf5 Qe7 35. Qf3 Qe8 36. Qe3 Qxb5 37. Bc1 Qa4 38. Qd2 Kb7 39. Kf1 Qb5+
40. Ke1 Qe8+ 41. Qe3 Qa4 42. Qd2 1/2-1/2

[Event "Glorney Gilbert International 2016 - Gilbert"]
[Site "Daventry"]
[Date "2016.07.19"]
[Round "5.1"]
[White "Green, Emily"]
[Black "Camp, Imogen Al"]
[Result "1/2-1/2"]
[WhiteElo "1688"]
[BlackElo "1726"]
[PlyCount "63"]
[EventDate "2016.07.17"]
[WhiteTeam "England B"]
[BlackTeam "Wales"]
[WhiteTeamCountry "ENG"]
[BlackTeamCountry "IRL"]

1. Nf3 d5 2. c4 e6 3. b3 Nf6 4. g3 b6 5. Bg2 Bb7 6. O-O Be7 7. Bb2 O-O 8. e3 c5
9. Qe2 Nc6 10. Rd1 Qc7 11. Nc3 Rad8 12. cxd5 Nxd5 13. Nxd5 Rxd5 14. Rac1 Nb4
15. Ne1 Ba6 16. d3 Rdd8 17. a3 Nd5 18. Qc2 Qb8 19. Qb1 Bf6 20. d4 cxd4 21. Bxd4
Bxd4 22. Rxd4 Nf6 23. Qb2 Rxd4 24. Qxd4 Rd8 25. Qb2 Bb7 26. Nf3 Qa8 27. Qe2 Be4
28. Ne1 Bxg2 29. Nxg2 Qd5 30. Qc2 h6 31. Nf4 Qf3 32. Qe2 1/2-1/2

[Event "Glorney Gilbert International 2016 - Gilbert"]
[Site "Daventry"]
[Date "2016.07.19"]
[Round "5.1"]
[White "Wang, Alyssa"]
[Black "Ivanov, Elizabeth"]
[Result "1/2-1/2"]
[WhiteElo "1708"]
[BlackElo "1599"]
[PlyCount "58"]
[EventDate "2016.07.17"]
[WhiteTeam "Wales"]
[BlackTeam "England B"]
[WhiteTeamCountry "IRL"]
[BlackTeamCountry "ENG"]

1. d4 d5 2. c4 c6 3. Nc3 Nf6 4. Nf3 Bf5 5. cxd5 Nxd5 6. Qb3 Qb6 7. Nxd5 Qxb3 8.
Nc7+ Kd8 9. axb3 Kxc7 10. Bf4+ Kc8 11. Ne5 Bg6 12. Nc4 Nd7 13. Rc1 e6 14. g3
Bb4+ 15. Bd2 Bxd2+ 16. Nxd2 Kd8 17. Bg2 Ke7 18. O-O Rhd8 19. Rfd1 Nf6 20. Nc4
h6 21. Na5 Rab8 22. f3 Nd5 23. Kf2 Ke8 24. e4 Nf6 25. b4 Rd7 26. Nc4 Bh7 27.
Ke3 Rbd8 28. Ne5 Rc7 29. Ke2 Rdc8 1/2-1/2

[Event "Glorney Gilbert International 2016 - Gilbert"]
[Site "Daventry"]
[Date "2016.07.19"]
[Round "5.1"]
[White "Jina, Asha"]
[Black "Sivarajasingam, Venetia"]
[Result "1/2-1/2"]
[WhiteElo "1572"]
[BlackElo "1698"]
[PlyCount "61"]
[EventDate "2016.07.17"]
[WhiteTeam "England B"]
[BlackTeam "Wales"]

1. Nf3 d5 2. g3 Nf6 3. Bg2 Bf5 4. O-O e6 5. c4 c6 6. cxd5 exd5 7. d3 Bd6 8. Nc3
O-O 9. Re1 Re8 10. Qb3 Nbd7 11. Bg5 Nc5 12. Qd1 Ne6 13. h3 Nxg5 14. Nxg5 h6 15.
Nf3 Bc5 16. d4 Bd6 17. a3 Qd7 18. Kh2 Nh7 19. Nh4 Ng5 20. Nxf5 Qxf5 21. Rf1 h5
22. f4 Ne4 23. Nxe4 dxe4 24. e3 Rad8 25. Qb3 Re7 26. Rac1 g5 27. Rg1 Kh8 28.
Kh1 Rg8 29. Qd1 g4 30. h4 Qb5 31. Rb1 1/2-1/2

[Event "Glorney Gilbert International 2016 - Gilbert"]
[Site "Daventry"]
[Date "2016.07.19"]
[Round "5.2"]
[White "Graham, Cassie M"]
[Black "O'gorman, Alice"]
[Result "1/2-1/2"]
[WhiteElo "1866"]
[BlackElo "1777"]
[PlyCount "74"]
[EventDate "2016.07.17"]
[WhiteTeam "England"]
[BlackTeam "Ireland"]

1. e4 e5 2. d4 exd4 3. Bc4 Nc6 4. Nf3 Bb4+ 5. c3 dxc3 6. O-O d6 7. bxc3 Bc5 8.
Bg5 Nf6 9. Nbd2 O-O 10. Nb3 Bb6 11. Qc2 Re8 12. Bd5 Ne5 13. Nbd4 c6 14. Bb3 h6
15. Bh4 Ng6 16. Rae1 Nxh4 17. Nxh4 Nd7 18. Nhf3 Ne5 19. Nxe5 dxe5 20. Nf5 Qf6
21. Ne3 Qg6 22. Kh1 Bc7 23. Rd1 Be6 24. c4 Rad8 25. Nf5 Bxf5 26. exf5 Qg4 27.
f3 Qg5 28. Qe4 Qf4 29. g3 Qxe4 30. fxe4 Rd4 31. Rfe1 Ba5 32. Re2 Red8 33. Rc1
Kf8 34. Kg2 Ke7 35. Rcc2 Kf6 36. Kf3 Kg5 37. h3 Kf6 1/2-1/2

[Event "Glorney Gilbert International 2016 - Gilbert"]
[Site "Daventry"]
[Date "2016.07.19"]
[Round "5.2"]
[White "Plaza Reino, Mercedes"]
[Black "Varney, Zoe"]
[Result "0-1"]
[WhiteElo "1655"]
[BlackElo "1818"]
[PlyCount "42"]
[EventDate "2016.07.17"]
[WhiteTeam "Ireland"]
[BlackTeam "England"]

1. c4 c6 2. e3 Nf6 3. Nf3 d5 4. d4 e6 5. Bd3 Nbd7 6. O-O Bd6 7. Nbd2 O-O 8. b3
Re8 9. Bb2 e5 10. dxe5 Nxe5 11. Nxe5 Bxe5 12. Bxe5 Rxe5 13. Qc2 Rh5 14. Rfe1
Ng4 15. Nf3 Nxh2 16. Be2 Rh6 17. g3 Qd7 18. Nxh2 Qh3 19. Bf3 Bf5 20. Qe2 Qxh2+
21. Kf1 Bh3+ 0-1

[Event "Glorney Gilbert International 2016 - Gilbert"]
[Site "Daventry"]
[Date "2016.07.19"]
[Round "5.2"]
[White "Wei, Naomi"]
[Black "Manojlovic, Anastasija"]
[Result "0-1"]
[WhiteElo "1750"]
[BlackElo "1569"]
[PlyCount "68"]
[EventDate "2016.07.17"]
[WhiteTeam "England"]
[BlackTeam "Ireland"]

1. d4 d5 2. c4 e6 3. Nc3 Nf6 4. cxd5 exd5 5. Bg5 Nbd7 6. e3 c6 7. Bd3 Be7 8.
Qc2 O-O 9. Nge2 Re8 10. O-O Nf8 11. f3 Be6 12. Rae1 Rc8 13. a3 N6d7 14. Bxe7
Qxe7 15. b4 Nb6 16. e4 Nc4 17. Qc1 dxe4 18. fxe4 Nb6 19. Ng3 Qd7 20. Nce2 Bg4
21. Nf5 Ng6 22. h3 Bxe2 23. Rxe2 Ne7 24. Qf4 Nxf5 25. exf5 Rxe2 26. Bxe2 Rd8
27. Qg5 f6 28. Qh5 Qxd4+ 29. Kh1 Qd7 30. Rf4 Re8 31. Bc4+ Nxc4 32. Rxc4 Re1+
33. Kh2 Qd6+ 34. g3 Qd2+ 0-1

[Event "Glorney Gilbert International 2016 - Gilbert"]
[Site "Daventry"]
[Date "2016.07.19"]
[Round "5.3"]
[White "Hegde, Stuthi"]
[Black "Yuan, Beline"]
[Result "1/2-1/2"]
[WhiteElo "1408"]
[BlackElo "1782"]
[PlyCount "126"]
[EventDate "2016.07.17"]
[WhiteTeam "Scotland"]
[BlackTeam "France"]

1. d4 Nf6 2. Nf3 g6 3. Nc3 d5 4. Bf4 c6 5. e3 Bf5 6. Bd3 e6 7. h3 h5 8. Bg5
Nbd7 9. e4 dxe4 10. Nxe4 Qa5+ 11. Qd2 Qxd2+ 12. Nfxd2 Be7 13. Nxf6+ Nxf6 14.
Bxf5 exf5 15. O-O O-O 16. Rfe1 Bd8 17. Nc4 Kg7 18. Ne5 Re8 19. c3 Ne4 20. Bxd8
Raxd8 21. Rad1 Re6 22. Kf1 Rd5 23. Nd3 Rd8 24. Nf4 Red6 25. g4 hxg4 26. hxg4
Kf6 27. gxf5 Kxf5 28. Nh3 g5 29. Rxe4 f6 30. Re3 c5 31. d5 Rxd5 32. Rxd5+ Rxd5
33. Ke2 b5 34. Rd3 Re5+ 35. Re3 Rd5 36. Re7 a6 37. Ke3 c4 38. Ke2 Rd3 39. Re3
Rd5 40. Re7 Rd3 41. Re3 Rd5 42. Ng1 g4 43. Ke1 Rd6 44. Ne2 Kg5 45. Nd4 Kg6 46.
Re6 Rxe6+ 47. Nxe6 a5 48. Nd4 b4 49. cxb4 axb4 50. Nc6 b3 51. axb3 cxb3 52. Nd4
Kf7 53. Nxb3 Ke6 54. Ke2 Ke5 55. Ke3 f5 56. Nd2 f4+ 57. Ke2 Kd4 58. b4 Kd5 59.
Kd3 g3 60. fxg3 fxg3 61. Ke2 Kc6 62. Kf3 Kb5 63. Kxg3 Kxb4 1/2-1/2

[Event "Glorney Gilbert International 2016 - Gilbert"]
[Site "Daventry"]
[Date "2016.07.19"]
[Round "5.3"]
[White "Beda, Salome"]
[Black "Smith, Sarah E"]
[Result "1-0"]
[WhiteElo "1694"]
[BlackElo "1471"]
[PlyCount "71"]
[EventDate "2016.07.17"]
[WhiteTeam "France"]
[BlackTeam "Scotland"]

1. e4 d5 2. exd5 Qxd5 3. Nc3 Qd8 4. d4 Nf6 5. Nf3 Bg4 6. h3 Bxf3 7. Qxf3 c6 8.
Be3 e6 9. Bd3 Nbd7 10. O-O Qc7 11. a3 Bd6 12. b4 O-O 13. Ne4 Nd5 14. c4 Nxe3
15. fxe3 e5 16. Qh5 g6 17. Qh6 f5 18. Ng5 Nf6 19. Ne6 Qe7 20. Nxf8 Rxf8 21. c5
Bc7 22. Bc4+ Kh8 23. g4 f4 24. exf4 exf4 25. Rae1 Qg7 26. Qxg7+ Kxg7 27. Re7+
Kh6 28. Rxc7 Ne4 29. Rxb7 Nd2 30. Rc1 f3 31. Rf7 Re8 32. Rc2 Nxc4 33. Rxc4 Re1+
34. Kf2 Re2+ 35. Kxf3 Ra2 36. Rxa7 1-0